Statistics for Countries With Eight Letters - Three Minute Sprint

Click here to take the quiz!

General Stats

  • This quiz has been taken 56 times
    (31 since last reset)
  • The average score is 16 of 25

Answer Stats

country% Correct
Honduras
93%
Kiribati
93%
Paraguay
93%
Colombia
86%
Cambodia
79%
Dominica
79%
Suriname
79%
Barbados
71%
Pakistan
71%
Portugal
71%
Slovakia
71%
Slovenia
71%
Bulgaria
64%
Ethiopia
64%
Thailand
64%
Botswana
57%
Zimbabwe
57%
Cameroon
50%
Malaysia
50%
Maldives
50%
Tanzania
50%
Djibouti
43%
Mongolia
36%
Sri Lanka
29%
Eswatini
14%

Score Distribution

Percentile by Number Answered

Percent of People with Each Score

Your Score History

You have not taken this quiz since the last reset